000 01219nam a22002657a 4500
005 20240305165511.0
007 cr|||| ||||
008 180720s2018 co |||||s|||| 00||0 spa d
020 _a978-958-56087-8-8
035 _a21923
040 _avLex
090 _c8076
_d8076
100 1 _aChavarro Cadena, Jorge Enrique
245 1 0 _aEntidades sin ánimo de lucro y régimen tributario especial
_h[Recurso electrónico] /
_cJorge Enrique Chavarro Cadena, Jorge Enrique Beltrán Triana
250 _aTercera edición
256 _aServicio en línea
260 _aBogotá:
_bGrupo Editorial Nueva Legislación,
_c2018
300 _a1 recurso electrónico
506 1 _aDisponible solo en los productos indicados
_dvLex Global
_dvLex Global (Academic Edition, excluding Law Schools)
_dvLex Global (U.S. Academic Edition, Law Schools)
_dvLex Global (U.S. Academic Edition, excluding Law Schools)
_dvLex Global (Academic Edition, Law Schools)
650 0 4 _aDerecho Tributario
_zColombia
700 1 _aBeltrán Triana, Jorge Enrique
740 0 _avLex Libros (Servicio en línea)
856 4 0 _uhttps://app.vlex.com/#/sources/entidades-animo-lucro-regimen-tributario-especial-tercera-edicion-21923
942 _cRAA
999 _c166313
_d166313